000 01026nam a22002657a 4500
001 BINCO
003 CO-MdBIC
005 20220423220410.0
008 220423b2000 spaa|||| |||| 00| 0 spa d
020 _a8424609239
040 _a CO-MdBIC
_bspa.
_cCO-MdBIC
_d CO-MdBIC
041 _aspa
082 _222
_a863
_bD948
100 _aDurán, Teresa, ‎
_d1949-
245 _aA paso de payaso/
_c/Durán, Teresa, escritora
_f1949- ‎
250 _aPrimera edición
260 1 _aBarcelona, España:
_bLa galera,
_c[2000]
260 4 _a© 2000
300 _a32 paginas;
_bilustraciones a color:
_c21 cm.
490 _asin palabras
500 _aLa colección sin palabras brinda a los más pequeños la oportunidad de leer antes de saber leer. Las secuencias de imágenes, ricas en detalles les permiten seguir con facilidad el hilo narrativo de la historia. Una ayuda para descubrir el placer de la lectura en solitario.
650 7 _9100
_aEducación infantil
700 _aFrancesc Rovira
_eilustrador
942 _cLGB
999 _c67792
_d67792